Útesy smrti /
KOUTKEM OKA HO SPATŘÍŠ,ALE JAKMILE SE OTOČÍŠ, UŽ O NĚM ANI NEVÍŠ,NÁSLEDOVNÍK V MLZE MIZÍ.Lidová píseňKdyž se na malebné pobřežní stezce v Pembrokeshiru sesune půda a odkryje děsivé ostatky dvou těl, bývalý šéfinspektor Evan Warlow je z předčasného důchodu rázem povolán zpět do služby.Před osmi lety...
Uloženo v:
| Série: | Případy Evana Warlowa,
část 1 |
|---|---|
| Hlavní autor: | |
| Médium: | E-kniha |
| Jazyk: | Czech |
| Vydáno: |
Praha :
Knihy Dobrovský,
2026
|
| Příbuzné jednotky: | Z cyklu::
Případy Evana Warlowa |
| Tagy: |
Žádné tagy |
| LEADER | 01562nam a22002417i 4500 | ||
|---|---|---|---|
| 001 | 291782 | ||
| 007 | ta | ||
| 008 | 260401s2026 xr ||||| |||| 00| 0 cze d | ||
| 020 | |a 9788027760350 | ||
| 044 | |a xr | ||
| 100 | 1 | |a Dylan, Rhys |4 aut | |
| 245 | 1 | 0 | |a Útesy smrti / |c Dylan, Rhys |
| 264 | 1 | |a Praha : |b Knihy Dobrovský, |c 2026 | |
| 300 | |a 1 online zdroj (336 stran) | ||
| 336 | |a text |b txt |2 rdacontent | ||
| 337 | |a bez média |b n |2 rdamedia | ||
| 338 | |a online zdroj |b cr |2 rdacarrier | ||
| 520 | 2 | |a KOUTKEM OKA HO SPATŘÍŠ,ALE JAKMILE SE OTOČÍŠ, UŽ O NĚM ANI NEVÍŠ,NÁSLEDOVNÍK V MLZE MIZÍ.Lidová píseňKdyž se na malebné pobřežní stezce v Pembrokeshiru sesune půda a odkryje děsivé ostatky dvou těl, bývalý šéfinspektor Evan Warlow je z předčasného důchodu rázem povolán zpět do služby.Před osmi lety vedl pátrání po dvou pohřešovaných osobách a nyní případ znovu otevírá – tentokrát však vyšetřuje vraždu. Jenže zatímco se vrah horečně snaží zahladit stopy, počet obětí stoupá. | |
| 787 | 0 | 8 | |g 1 |i Z cyklu: |t Případy Evana Warlowa |
| 910 | |a RBIT002 | ||
| 998 | |d 425997 |a https://core.palmknihy.cz/api/books/425997/cover?tcr7o7 |b https://core.palmknihy.cz/api/books/425997/cover/400?tcr7o7 |c https://core.palmknihy.cz/api/books/425997/cover/50?tcr7o7 |e |g 336 |i 9788027760350 |j https://core.palmknihy.cz/api/books/425997/preview.epub |k https://core.palmknihy.cz/api/books/425997/preview.pdf |l |q 49 |r 1 |s https://www.palmknihy.cz/kniha/425997 |t ebook |y 2026 |z 1 |v Případy Evana Warlowa |w 1 | ||
| 999 | |d 291780 | ||